College Teams of 2012 NFL Commentators and Studio Analysts - Statistics

General Stats
  • This quiz has been taken 817 times
  • The average score is 10 of 20
Answer Stats
Hint Answer % Correct
Keyshawn Johnson USC
86%
Troy Aikman UCLA
84%
Warren Sapp Miami
82%
Steve Young BYU
79%
Cris Carter Ohio State
75%
Mike Golic Notre Dame
73%
Cris Collinsworth Florida
69%
Dan Dierdorf Michigan
61%
Marshall Faulk San Diego State
53%
Terry Bradshaw Louisiana Tech
51%
Dan Fouts Oregon
50%
Tony Siragusa Pittsburgh
46%
Boomer Esiason Maryland
43%
Darryl Johnston Syracuse
33%
Tom Jackson Louisville
28%
Howie Long Villanova
23%
Phil Simms Morehead State
22%
Rich Gannon Delaware
19%
Michael Strahan Texas Southern
16%
Merril Hoge Idaho State
8%
No matching quizzes found
Score Distribution
Percent of People with Each Score
Percentile by Number Answered
Your Score History
You have not taken this quiz